Loading...
| Fine Arts - Auditory Fine Arts | 1 | 10.00 | 100% | 0% | 0% |
| Fine Arts - Other Fine Arts | 1 | 10.00 | 100% | 0% | 0% |
| Fine Arts - Visual Fine Arts | 2 | 0.00 | 0% | 0% | 0% |
| History - American History | 1 | 10.00 | 100% | 0% | 0% |
| History - European History | 2 | 10.00 | 100% | 0% | 0% |
| History - Other History | 3 | 10.00 | 100% | 0% | 0% |
| History - World History | 2 | 20.00 | 100% | 100% | 0% |
| Literature - American Literature | 5 | 10.00 | 80% | 20% | 0% |
| Literature - British Literature | 3 | 3.33 | 33% | 0% | 0% |
| Literature - European Literature | 2 | 5.00 | 50% | 0% | 0% |
| Literature - World Literature | 2 | 5.00 | 50% | 0% | 0% |
| Mythology | 1 | 10.00 | 100% | 0% | 0% |
| Philosophy | 3 | 6.67 | 67% | 0% | 0% |
| Pop Culture | 1 | 10.00 | 100% | 0% | 0% |
| Religion | 3 | 20.00 | 100% | 67% | 33% |
| Science - Biology | 3 | 6.67 | 67% | 0% | 0% |
| Science - Chemistry | 3 | 3.33 | 33% | 0% | 0% |
| Science - Physics | 2 | 5.00 | 50% | 0% | 0% |
| Social Science | 2 | 15.00 | 100% | 50% | 0% |